000
00299nam a22001337a 4500
020
_a
0-7496-2033-1
082
_a
823
_b
ELD/G
100
_a
ELDIN, PETER
245
_a
GRUESOME GRUB
_b
FOUL FACTS
260
_a
LONDON
_b
WATTS BOOKS
_c
1995
300
_a
91
650
_a
NOVEL
_z
UNITED KINGDOM
942
_c
BK
999
_c
3154
_d
3154